000 00416nam a2200145Ia 4500
008 090124s9999 xx 000 0 und d
082 _b305429
245 _a जीर्ण देव्हारा
250 _a1
260 _bखरे रामदास
_c2004
300 _a70
630 _a जीर्ण देव्हारा
730 _a जीर्ण देव्हारा
942 _cBOOK
999 _c195423
_d195423